000 00483nam a2200181 a 4500
001 18143
005 20180713211402.0
008 140415s1968 mx 000 0 spa d
041 _aspa
082 _a592
_bBAR
100 1 _aBARNES, ROBERT D.
245 1 0 _aZOOLOGIA DE LOS INVERTEBRADOS
250 _a2A ED.
260 _aMEXICO :
_bINTERAMERICANA,
_c1968
300 _a761
650 1 4 _aINVERTEBRADOS
_xZOOLOGIA
700 1 _aCOLCHERO ARRUBARENA, FERNANDO
_etr.
999 _c18143
_d18143